000170975 001__ 170975
000170975 005__ 20260430151736.0
000170975 0247_ $$2doi$$a10.1371/journal.pone.0344111
000170975 0248_ $$2sideral$$a148995
000170975 037__ $$aART-2026-148995
000170975 041__ $$aeng
000170975 100__ $$0(orcid)0000-0001-5935-9454$$aPalacios, Saúl
000170975 245__ $$aVentricular activation and repolarization in response to physiological and conventional pacing using ultra-high-frequency electrocardiography
000170975 260__ $$c2026
000170975 5060_ $$aAccess copy available to the general public$$fUnrestricted
000170975 5203_ $$aBackground: Physiological pacing targeting the cardiac conduction system is increasingly being adopted as an alternative to conventional right ventricular (RV) pacing for the treatment of bradyarrhythmias, although its effects on ventricular repolarization remain underexplored.
Objective: This study evaluates depolarization and repolarization responses to different pacing techniques using ultra-high-frequency electrocardiograms (UHF-ECGs).
Methods: Temporary pacing was performed at different cardiac areas in 178 patients with bradycardia. Depolarization was assessed via QRS duration (QRSd), QRS area (QRSa), ventricular dyssynchrony (e-DYS), and activation time dispersion (dAT computed from leads V1-V6 and dAT4-6 from leads V1-V6). Repolarization was analyzed using the corrected QT interval (QTc), T-wave area (Ta), Periodic Repolarization Dynamics (PRD), and repolarization time dispersion (dRTc and dRTc4-6).
Results: His bundle pacing (HBP) preserved ventricular activation patterns similar to spontaneous rhythm. Left bundle branch pacing (LBBP) induced moderate depolarization changes, primarily due to delayed right ventricular activation, while maintaining left ventricular synchrony. In particular, dAT showed no significant differences between HBP and spontaneous rhythm, while differences between LBBAP and spontaneous rhythm were significant but below 7 ms in median. When restricted to the left ventricle (LV), no significant differences in dAT4-6 were found between LBBAP and spontaneous rhythm. Importantly, e-DYS for HBP showed similar values to spontaneous rhythm, LBBP led to a significant reduction (median differences approximately 20 ms), and RVP was associated with a significant increase (above 15 ms in median). In line with these results, QRSd  and QRSa  showed the largest values for RVP. In terms of ventricular repolarization, median differences in the QTc interval between pacing modes and spontaneous rhythm were below 3 ms for HBP, above 1 ms for LBBP, and above 20 ms for RVP. All pacing modes led to a reduction in PRD, with the most marked reductions observed for LBBP, particularly for selective LBBP, with median changes with respect to spontaneous rhythm of 4.6 degrees. RT and RTc showed similar trends for all pacing techniques. Ta, however, showed median differences with respect to spontaneous rhythm above 100 and 34 µ Vs when pacing the RV at the apex and the septum, respectively, whereas such median differences were below 16µ Vs for HBP and below 2 µ Vs for LBBP. 
Conclusion: Physiological stimulation via HBP or LBBAP generates ventricular depolarization and repolarization responses that more closely resembles that of spontaneous rhythm, in high contrast to the largely different response induced by RV pacing. HBP and LBBAP have distinct technical characteristics, including differences in capture thresholds, lead stability, and procedural aspects. These techniques serve as alternatives to conventional RV pacing.
000170975 536__ $$9info:eu-repo/grantAgreement/ES/DGA-FEDER/T39-23R-BSICoS$$9info:eu-repo/grantAgreement/ES/DGA/LMP94_21$$9info:eu-repo/grantAgreement/ES/MICINN/BES-2017-080587$$9info:eu-repo/grantAgreement/ES/MICINN/PID2022-140556OB-I00$$9info:eu-repo/grantAgreement/EUR/MICINN/TED2021-130459B-I00
000170975 540__ $$9info:eu-repo/semantics/openAccess$$aby$$uhttps://creativecommons.org/licenses/by/4.0/deed.es
000170975 655_4 $$ainfo:eu-repo/semantics/article$$vinfo:eu-repo/semantics/publishedVersion
000170975 700__ $$aSmisek, Radovan
000170975 700__ $$aCurila, Karol
000170975 700__ $$aNguyen, Uyen
000170975 700__ $$aPrinzen, Frits W.
000170975 700__ $$aHalamek, Josef
000170975 700__ $$aPlesinger, Filip
000170975 700__ $$aJurak, Pavel
000170975 700__ $$aRamos, Javier$$uUniversidad de Zaragoza
000170975 700__ $$0(orcid)0000-0002-7503-3339$$aMartínez, Juan Pablo$$uUniversidad de Zaragoza
000170975 700__ $$0(orcid)0000-0002-1960-407X$$aPueyo, Esther$$uUniversidad de Zaragoza
000170975 7102_ $$11007$$2610$$aUniversidad de Zaragoza$$bDpto. Medicina, Psiqu. y Derm.$$cArea Medicina
000170975 7102_ $$15008$$2800$$aUniversidad de Zaragoza$$bDpto. Ingeniería Electrón.Com.$$cÁrea Teoría Señal y Comunicac.
000170975 773__ $$g21, 4 (2026), e0344111 [25 pp.]$$pPLoS One$$tPLoS ONE$$x1932-6203
000170975 8564_ $$s2092751$$uhttps://zaguan.unizar.es/record/170975/files/texto_completo.pdf$$yVersión publicada
000170975 8564_ $$s1962805$$uhttps://zaguan.unizar.es/record/170975/files/texto_completo.jpg?subformat=icon$$xicon$$yVersión publicada
000170975 909CO $$ooai:zaguan.unizar.es:170975$$particulos$$pdriver
000170975 951__ $$a2026-04-30-13:58:14
000170975 980__ $$aARTICLE